Loading...
| History - American | 1 | 2 | 0 | 0 | 35 | 58 | 90.00 | 0 | 2 | 13.03 | 15.42 |
| Philosophy | 1 | 2 | 0 | 1 | 35 | 70 | 114.00 | 0 | 2 | 6.31 | 18.33 |
| Fine Arts - Other | 2 | 0 | 0 | 0 | 30 | 85 | 90.00 | 0 | 1 | 5.44 | 6.67 |
| Short Fiction and Other | 1 | 1 | 0 | 0 | 25 | 62 | 98.00 | 1 | 1 | 10.03 | 19.05 |
| Science - Biology | 0 | 3 | 1 | 3 | 25 | 124 | 127.33 | 0 | 2 | 1.59 | 11.67 |
| Mythology | 1 | 1 | 0 | 1 | 25 | 52 | 93.50 | 0 | 1 | 9.41 | 14.29 |
| History - Other | 1 | 1 | 0 | 0 | 25 | 34 | 50.00 | 0 | 1 | 21.11 | 22.22 |
| Current Events | 1 | 1 | 1 | 1 | 20 | 51 | 73.50 | 0 | 1 | 13.02 | 13.81 |
| Geography | 0 | 2 | 0 | 2 | 20 | 127 | 138.50 | 0 | 2 | 0.28 | 8.33 |
| Literature - Drama | 0 | 2 | 0 | 1 | 20 | 112 | 134.00 | 0 | 1 | 3.83 | 6.25 |
| Literature - Long Fiction | 0 | 2 | 0 | 2 | 20 | 150 | 154.50 | 0 | 0 | 0.16 | 4.17 |
| Science - Other | 0 | 2 | 0 | 0 | 20 | 90 | 94.00 | 1 | 1 | 6.47 | 13.33 |
| Science - Physics | 0 | 2 | 0 | 1 | 20 | 95 | 108.50 | 0 | 1 | 3.10 | 10.00 |
| History - European | 0 | 3 | 3 | 1 | 15 | 77 | 95.33 | 0 | 2 | 9.91 | 15.00 |
| Social Science | 0 | 2 | 1 | 1 | 15 | 138 | 139.00 | 0 | 1 | 0.37 | 3.78 |
| History - World | 0 | 2 | 1 | 1 | 15 | 83 | 113.00 | 1 | 1 | 2.70 | 5.78 |
| Other Academic | 0 | 2 | 1 | 0 | 15 | 96 | 96.50 | 2 | 2 | 7.12 | 20.00 |
| Religion | 0 | 1 | 0 | 0 | 10 | 102 | 102.00 | 0 | 1 | 3.65 | 8.33 |
| Fine Arts - Painting and Sculpture | 0 | 1 | 1 | 0 | 5 | 109 | 109.00 | 0 | 0 | 1.68 | 5.00 |
| Science - Chemistry | 0 | 0 | 0 | 0 | 0 | 0.00 | 0 | 0 | 0.00 | 0.00 | |
| Fine Arts - Classical Music | 0 | 1 | 3 | 0 | -5 | 83 | 83.00 | 0 | 0 | 3.99 | 5.00 |